<?xml version="1.0" encoding="UTF-8"?>
<marc:record xmlns:marc="http://www.loc.gov/MARC21/slim">
   <marc:leader>00000nam a2200000 a 4500</marc:leader>
   <marc:datafield ind1="1" ind2=" " tag="100">
      <marc:subfield code="a">Duve, Karen</marc:subfield>
      <marc:subfield code="4">aut</marc:subfield>
      <marc:subfield code="e">Verfasser/-in</marc:subfield>
   </marc:datafield>
   <marc:datafield ind1="1" ind2=" " tag="100">
      <marc:subfield code="a">Petri, Nina</marc:subfield>
   </marc:datafield>
   <marc:datafield ind1="0" ind2="0" tag="245">
      <marc:subfield code="a">Dies ist kein Liebeslied</marc:subfield>
   </marc:datafield>
   <marc:datafield ind1="0" ind2="0" tag="245">
      <marc:subfield code="c">Karen Duve</marc:subfield>
   </marc:datafield>
   <marc:datafield ind1=" " ind2="1" tag="264">
      <marc:subfield code="b">Random House Audiobooks</marc:subfield>
      <marc:subfield code="c">2006</marc:subfield>
   </marc:datafield>
   <marc:datafield ind1="1" ind2=" " tag="490">
      <marc:subfield code="a">Starke Stimmen Brigitte Hörbuch Edition 2</marc:subfield>
      <marc:subfield code="v">8</marc:subfield>
   </marc:datafield>
   <marc:datafield ind1="1" ind2=" " tag="520">
      <marc:subfield code="a">Ein dicke junge Frau auf dem Flug nach London: Sie will ihre unerwiderte Jugendliebe ein letztes Mal sehen. Im Gepäck hat sie sechs Musikkassetten ihrer sechs Männer, die ihr gescheitertes Liebesleben dokumentieren. Rückblickend erfahren wir von zahllosen ungeschickten Versuchen nach Liebe und Anerkennung, angefangen in der kleinbürgerlichen Wirtschaftswunderfamilie und in der Schulzeit, wo das Gewichtsproblem langsam zum entscheidenden Faktor ihrer Identität wird, an dem sich ihre Selbstabwertung und ihr Selbsthass aufhängen und die in der Liebe logischerweise zu einer Reihe von Enttäuschungen führen. Eine düster-hoffnungslose Story (BA 1/03), die selbstironisch auf der Welle der autobiografischen Nabelschau der 70er-, 80er- und 90er-Jahre schwimmt und dennoch einen glaubwürdigen Kern enthält. Eine Antiheldin, deres seelisches Leid zwar klischeehaft, dennoch nachvollziehbar rüberkommt und die am Ende sogar die erträumte, dennoch unerwartete (Andeutung einer) Versöhnung mit dem Schicks</marc:subfield>
   </marc:datafield>
   <marc:datafield ind1=" " ind2=" " tag="020">
      <marc:subfield code="a">9758697935</marc:subfield>
      <marc:subfield code="9">9758697935</marc:subfield>
   </marc:datafield>
   <marc:datafield ind1="0" ind2=" " tag="490">
      <marc:subfield code="v">0</marc:subfield>
   </marc:datafield>
   <marc:datafield ind1=" " ind2=" " tag="300">
      <marc:subfield code="a">ca. 147 Min.</marc:subfield>
   </marc:datafield>
</marc:record>
